00597nam a22001697a 450000500170000001000130001702000260003003500130005603700260006908200080009510000180010324500760012126000450019727000390024230000190028150001270030020190509154339.0 aB-728275 a9789387286344c600.00 aB-728275 bAksharesh Enterprises a340 aJain,Ashok K. aLaw guide for judicial service examinations Vol. II /cby Ashok K. Jain aDelhibAscent Publicationsc2019 (repr.) a21/29, Shakti NagarbDelhie110007 aVP.c24cm(Pbk) aConstitutional Law, Constitution of India, Public International Law, Human Rights, Jurisprudence, Transfer of Property Act